Quizzes
Events
Quiz Creation
Community
Videos
Private Events
Remove Ads
Sign In
Join for FREE
Feedback
Dark Mode
Quiz Categories
Sports
Geography
Music
Movies
Television
Just For Fun
Miscellaneous
History
Literature
Language
Science
Gaming
Entertainment
Religion
Holiday
For Kids
Quiz Lab
Recent
Popular Today
Quiz Kudos Today
Editor Picks
Curator Picks
Quizzes by...
Day
Popularity
Type
Ratings
Length
Year
Community
Subscriptions
Recent Discussions
Orange Saloon
Badges
Playlists
Quests
Create
Leaderboards
Showdown
Live 5
Trivia Bingo
Activity
Puzzle Library
Sporcle Events
Private Events
Virtual Trivia
Globe League
Become a Host
Pub Owners
SporcleCon
Opinionation
Our Games
Videos
Blog
Mobile Apps
Partnerships
Remove Ads and Go Orange
Feedback
Sports
Athletes
MLB
NBA
NHL
NFL
Soccer
Sports Teams
WWE
NCAA
Football
Premier League
Basketball
Baseball
Hockey
Golf
Tennis
Cricket
Rugby
Auto Racing
Olympics
World Cup
Sports
Athletes
MLB
NBA
NHL
NFL
Soccer
Sports Teams
WWE
NCAA
Football
Premier League
Basketball
Baseball
Hockey
Golf
Tennis
Cricket
Rugby
Auto Racing
Olympics
World Cup
Random Quiz
Search Sporcle
×
Quiz Lab
Quiz Lab
Sports
NFL
Type in answers that appear in a list
Type in answers that appear in a list
Classic
Best Score? Go Orange.
NFL Fantasy Point Leaders By Week Stats
Can you name the NFL Fantasy Point Leaders By Week?
By
thaider94
10m
108 Questions
165 Plays
165 Plays
165 Plays
Comments
Comments
Give Quiz Kudos
Give Quiz Kudos
-
- Ratings
hide this ad
More Info
Replay
Link that replays current quiz
Next Quiz
Link to next quiz in quiz playlist
You Got
0%
They Got
Avg Score
36%
Avg Friend Score
Upgrade to see
Score Distribution
Jump to the score distribution portion of the page
Score
0/108
Timer
10:00
0
Plays Today
Week
Player
% Correct
Week 1
Tom Brady
90.8%
Week 3
Aaron Rodgers
68.1%
Week 8
Drew Brees
68.1%
Week 1
Rob Gronkowski
66.9%
Week 9
Antonio Brown
66.9%
Week 10
Antonio Brown
66.9%
Week 15
Antonio Brown
66.9%
Week 17
Antonio Brown
66.9%
Week 9
Cam Newton
64.4%
Week 11
Cam Newton
64.4%
Week 13
Cam Newton
64.4%
Week 15
Cam Newton
64.4%
Week 17
Cam Newton
64.4%
Week 1
Julio Jones
62.6%
Week 16
Julio Jones
62.6%
Week 12
Adrian Peterson
60.7%
Week 13
Richard Rodgers
58.9%
Week 12
Russell WIlson
57.7%
Week 14
Russell Wilson
57.7%
Week 9
Josh Brown
54.6%
Week 2
Ben Roethlisberger
54%
Week 15
David Johnson
54%
Week 2
DeAngelo Williams
50.3%
Week 9
DeAngelo Williams
50.3%
Week 5
Andre Johnson
46.6%
Week 6
Matthew Stafford
46%
Week 7
Kirk Cousins
46%
Week 10
Kirk Cousins
46%
Week 16
Kirk Cousins
46%
Week 2
Denver Broncos
44.8%
Week 1
Carolina Panthers
44.2%
Week 3
A.J. Green
44.2%
Week 3
Greg Olsen
44.2%
Week 4
Philip Rivers
44.2%
Week 6
Greg Olsen
44.2%
Week 12
Carolina Panthers
44.2%
Week
Player
% Correct
Week 14
Carolina Panthers
44.2%
Week 3
Devonta Freeman
42.9%
Week 4
Devonta Freeman
42.9%
Week 6
Devonta Freeman
42.9%
Week 2
Stephen Gostkowski
39.9%
Week 3
Stephen Gostkowski
39.9%
Week 15
Stephen Gostkowski
39.9%
Week 6
DeAndre Hopkins
39.3%
Week 7
Lamar Miller
39.3%
Week 8
Todd Gurley
39.3%
Week 8
Odell Beckham Jr.
39.3%
Week 11
DeAndre Hopkins
39.3%
Week 14
Odell Beckham Jr.
39.3%
Week 10
Kansas City Chiefs
38.7%
Week 11
Kansas City Chiefs
38.7%
Week 13
Javorius Allen
38.7%
Week 15
Kansas City Chiefs
38.7%
Week 13
Philadelphia Eagles
37.4%
Week 3
Arizona Cardinals
35.6%
Week 7
St. Louis Rams
35.6%
Week 9
New York Jets
35.6%
Week 16
Arizona Cardinals
35.6%
Week 2
Larry Fitzgerald
34.4%
Week 5
Antonio Gates
33.7%
Week 7
Jordan Reed
33.7%
Week 8
Houston Texans
33.7%
Week 10
Zach Miller
33.7%
Week 12
Julius Thomas
33.7%
Week 14
Jordan Reed
33.7%
Week 15
Jordan Reed
33.7%
Week 16
Jordan Reed
33.7%
Week 17
Houston Texans
33.7%
Week 13
Allen Robinson
32.5%
Week 5
Green Bay Packers
31.9%
Week 5
Doug Martin
29.4%
Week 6
Miami Dolphins
29.4%
Week
Player
% Correct
Week 8
Justin Tucker
28.8%
Week 12
Doug Baldwin
27.6%
Week 13
Shayne Graham
27.6%
Week 9
Delanie Walker
26.4%
Week 11
Thomas Rawls
25.2%
Week 4
Detroit Lions
24.5%
Week 7
T.Y. Hilton
23.9%
Week 12
Graham Gano
23.9%
Week 14
Jacksonville Jaguars
22.7%
Week 1
Carlos Hyde
20.2%
Week 17
Zach Ertz
19.6%
Week 1
Brandon McManus
19%
Week 4
Cairo Santos
19%
Week 10
Cairo Santos
19%
Week 11
Mason Crosby
18.4%
Week 8
Benjamin Watson
17.8%
Week 4
Martellus Bennett
17.2%
Week 7
Blair Walsh
16.6%
Week 16
Blair Walsh
16.6%
Week 17
Steven Hauschka
16.6%
Week 6
Chris Boswell
16%
Week 13
Chris Boswell
16%
Week 14
Chris Boswell
16%
Week 17
Rashad Jennings
16%
Week 5
Josh McCown
15.3%
Week 4
Tavon Austin
13.5%
Week 11
Kyle Rudolph
13.5%
Week 14
Isaiah Crowell
13.5%
Week 13
Dan Bailey
12.3%
Week 10
Jeremy Langford
10.4%
Week 9
Greg Zuerlein
9.8%
Week 16
Tim Hightower
8.6%
Week 5
Caleb Sturgis
8%
Week 6
Phil Dawson
8%
Week 2
Crockett Gillmore
6.1%
Week 17
Nick Novak
4.9%
Quiz Playlist
Details
Report
Send in Message
Add To Playlist
More Info:
Name the Fantasy Point Leader at each position for each week of the 2015 season.
Classic:
Type in answers that appear in a list
Quiz Source
Last Updated: Feb 16, 2017
Quiz Scoreboard
CHALLENGE
Sign Up to Join the Scoreboard
Show All
Scores
Hide
Comments
May contain spoilers
Recently Published
9x9 Crossword: Cartoon Network
by jackfrog10
Miscellaneous
3m
College Basketball Coaching Resumes
by pancakes188
Sports
9m
Billboard Blitz: Fleetwood Mac
by CooCooCachoo
Music
15s
More to Explore
Quiz From the Vault
Featured Blog Post
Where Did the Easter Bunny Come From?
hide this ad
You Might Also Like...
Tags
Football Quiz
NFL Quiz
Fantasy
Fantasy Football
NFL Player
Top Fantasy
Yahoo Fantasy
Today's Top Quizzes in Sports
Browse Sports
hide this ad
Today's Top Quizzes in NFL
Browse NFL
Top Contributed Quizzes in Sports
1
2022 World Cup Stars
2
Les meilleurs buteurs des matchs entre le PSG et l’OM
3
FIFA Club World Cup Champions
4
Les entraîneurs de l'OM et du PSG au 21e siècle
5
Criteria MLB: Left Handed Sluggers
6
AFC Teams Reveal (Wrong Answers Minefield)
7
2023 MLB Unique Player Accomplishments
8
5-to-1: FBS Animal Nicknames
9
Players with Multiple 50 Home Run Seasons
10
5-to-1: UK Sports Teams
Explore More
Trending Topics
Anime
NBA
Harry Potter
Marvel
Disney
Crossword
Kpop
The Office
Country
Soccer
Puzzle
Song
WWE
Pokémon
NFL
hide this ad
More By:
thaider94
Quiz
Plays
Rating
Category
Featured
Created
Top 100 NHL Point Scorers 2008-2009
2,134
4.40
Sports
Mar 19, 2010
Top 10 Active NHL Points Leaders by Franchise
986
4.78
Sports
Mar 5, 2014
Toronto Maple Leaf Goalies 1990-2016
834
3.80
Sports
Mar 22, 2010
First 10 NHL Draft Picks (1991-2010)
585
5.00
Sports
Nov 18, 2010
2010-2011 NHL Highest Salary Players
578
4.55
Sports
Sep 29, 2010
Go to Creator's Profile
Score Distribution
Quiz Creator Spotlight
thaider94
Follow
Send a Message
Quizzes Created
-
Created Quiz Play Count
-
More By This Creator
Popular Quizzes Today
1
Find the US States - No Outlines Minefield
2
Find the Countries of Europe - No Outlines Minefield
3
The Countries of the World
4
Find the US States
5
Risky Map Clicking: Biggest States A-Z
6
US States
7
Popular People in 1961
8
Movies - When Are They Set?
More Sports Quizzes
Mystery Crossword: Big 4 Sports Team VI
Quiz Lab
Trending Quizzes
Risky Map Clicking: Least Populous States A-Z
1-10 Letter G Words
1-10 Letter F Words
Risky Map Clicking: Next State Alphabetically
Adjectives in 80s TV Shows
Recently Updated
Leaping Animals
pecheneg
Reality TV Shows (A-Z)
bhenderson79
Rickey Henderson's Hall of Fame Teammates
pecheneg
Champions League XIs: Arsenal
pecheneg
Quick Pick: Celebrities in WWE's Hall of Fame
aduchscher
A-Z Keypad Blitz II
pecheneg
Multiple Oscar Actors
pecheneg
Mystery Phrase Blitz: Oscar 'Best Actors'
pecheneg
F. Scott Fitzgerald Novels
LTH
Pick 3 Villains
ddd62291
Trending Topics
Crossword
Anime
Kpop
Marvel
Harry Potter
NBA
Disney
Country
Song
Pokémon
NFL
Puzzle
Soccer
The Office
WWE
Your Account Isn't Verified!
In order to create a playlist on Sporcle, you need to verify the email address you used during registration. Go to your
Sporcle Settings
to finish the process.
Report this User
Report this user for behavior that violates our
Community Guidelines
.
Details:
Send Report
Go to the Sporcle.com Mobile Site →
Comments